Textbook of Biochemistry for Medical Students (Record no. 32252)

MARC details
000 -LEADER
fixed length control field 00378nam a22001577a 4500
003 - CONTROL NUMBER IDENTIFIER
control field SGT
020 ## - INTERNATIONAL STANDARD BOOK NUMBER
International Standard Book Number 9789385999741
082 ## - DEWEY DECIMAL CLASSIFICATION NUMBER
Classification number 612.015
Item number T16V
100 ## - MAIN ENTRY--PERSONAL NAME
Personal name Vasudevan, D. M.
245 ## - TITLE STATEMENT
Title Textbook of Biochemistry for Medical Students
250 ## - EDITION STATEMENT
Edition statement 8th Ed.
260 ## - PUBLICATION, DISTRIBUTION, ETC. (IMPRINT)
Place of publication, distribution, etc Delhi, India
Name of publisher, distributor, etc Jaypee Publishers
Year of Publication 2016
300 ## - PAGE DESCRIPTION
No. of Pages 718
650 ## - SUBJECT ADDED ENTRY--TOPICAL TERM
Topical term or geographic name as entry element Biochemistry
942 ## - ADDED ENTRY ELEMENTS (KOHA)
Source of classification or shelving scheme Dewey Decimal Classification
Koha item type Books
Holdings
Withdrawn status Lost status Source of classification or shelving scheme Damaged status Not for loan Home library Current library Shelving location Date acquired SGTU Total Checkouts Full call number Accession No. (Barcode) Date last seen Date last borrowed Bill Date Koha item type
    Dewey Decimal Classification     SGT Dental Library SGT Dental Library Text Book 19/08/2025 SGTU 2 612.015 T16V FD9722 25/11/2025 20/11/2025 19/08/2025 Books